| 000 | 00671nam a2200253Ia 4500 | ||
|---|---|---|---|
| 003 | OSt | ||
| 005 | 20220918204402.0 | ||
| 006 | a|||||r|||| 00| 0 | ||
| 007 | ta | ||
| 008 | 220917b |||||||| |||| 00| 0 eng d | ||
| 024 | _a112,436 | ||
| 037 | _cTextual | ||
| 040 |
_aARTS _cARTS _beng |
||
| 041 |
_2eng _aeng |
||
| 082 | _aV52,1y7C916, L8 | ||
| 100 |
_aGoltzhuzar Eleanor _9111837 |
||
| 245 | 0 |
_aMark Anrony _b a bibliography |
|
| 260 |
_aLondon _bCroom Helm _c1978 |
||
| 300 |
_aix,347p. _ccm. |
||
| 490 | _aClassical lives | ||
| 650 | _aHISTORY | ||
| 942 |
_hV52,1y7C916, L8 _cTEXL _2CC |
||
| 999 |
_c235785 _d235785 |
||